| 000 | 00606nam a22002057a 4500 | ||
|---|---|---|---|
| 003 | PILC | ||
| 005 | 20160411101446.0 | ||
| 008 | 130226t xxu||||| |||| 00| 0 eng d | ||
| 020 | _a0324014805 | ||
| 020 | _a9782436197 | ||
| 050 |
_aHF 5415.13 _b.J25 2002 |
||
| 082 |
_aMkSF 658.80221 _bJ19 2002 |
||
| 100 |
_aJain, Subhash C. _916239 |
||
| 245 |
_aMarketing : _bplanning and strategy / _cSubhash C. Jain |
||
| 250 | _a6th edition. | ||
| 260 |
_aCincinnati, Ohio _bSouth-Western Publication _c2002. |
||
| 300 |
_a925 pages : _billustrations ; _c23 cm. |
||
| 500 | _aIncludes index. | ||
| 942 |
_2lcc _cBK |
||
| 999 |
_c14579 _d14579 |
||